000 00645nam a22002057a 4500
003 OSt
005 20260427073349.0
008 260427b |||||||| |||| 00| 0 eng d
020 _a9789719969310
040 _aDWCL Main Lib.
_cOC
082 _aFil. 170 Am485e 2014
100 _aAmarillas, Benjie A.
245 _aEdukasyon sa pagpapakatao 8 /
_cBenjie A. Amarillas
260 _aQuezon City, Philippines :
_bSt. Bernadette Publishing House,
_cc2014.
300 _aviii, 246 pages :
_billustrations ;
_c25 cm.
490 _aSeryeng K to 12.
500 _aBatay sa K to 12 BEC.
650 _a1. Moral education.
942 _2ddc
_cBK - FIL
_n0
999 _c9955
_d9955